Statistics for Movie Quote Click Quiz

Click here to take the quiz!

General Stats

  • This quiz has been taken 94 times
  • The average score is 15 of 30

Answer Stats

HintAnswer% Correct
I'm gonna make him an offer he can't refuse.The Godfather
77%
Winter is coming.Game of Thrones
74%
You shall not pass!Lord of the Rings
73%
Do or do not. There is no try.Star Wars
73%
You either die a hero or live long enough to see yourself become the villain.Batman
67%
Keep your friends close but your enemies closer.The Godfather
66%
Not all those who wander are lost.Lord of the Rings
63%
Great, kid! Don't get cocky.Star Wars
62%
Never tell me the odds!Star Wars
58%
...Don't tell me that you're innocent. Because it insults my intelligence... and it makes me very angry.The Godfather
58%
Just when I think I'm out, they pull me back in!The Godfather
58%
Some day, and that day may never come, I will call upon you to do a service for me.The Godfather
53%
The journey doesn't end here. Death is just another path, one that we all must take.Lord of the Rings
49%
Tonight's forecast: A freeze is coming!Batman
48%
I was wondering what would break first — your spirit…or your body.Batman
47%
Have you ever danced with the devil in the pale moon light?Batman
47%
Some men just want to watch the world burn.Batman
47%
That's what I do. I drink and I know things.Game of Thrones
44%
What are you worried about? If I wanted to kill you, you'd be dead already.The Godfather
44%
A lion doesn't concern himself with the opinions of a sheep.Game of Thrones
42%
Fear leads to anger. Anger leads to hate. Hate leads to suffering.Star Wars
42%
Chaos isn't a pit. It's a ladder.Game of Thrones
41%
What can men do against such reckless hate?Lord of the Rings
40%
There is only one thing we say to death: Not today.Game of Thrones
38%
Your entrance was good. His was better. The difference? ShowmanshipBatman
37%
The world is not in your books and maps. It is out there.Lord of the Rings
36%
So this is how liberty dies... with thunderous applause.Star Wars
34%
If you think this has a happy ending you haven't been paying attention.Game of Thrones
32%
I am fire. I am... death.Lord of the Rings
30%
Let the past die. Kill it if you have to.Star Wars
23%

Score Distribution

Percentile by Number Answered

Percent of People with Each Score

Your Score History

You have not taken this quiz